[Event "Mistrzostwa Polski Juniorow do lat 16 - Dziewczeta"]
[Site "Szklarska Poreba"]
[Date "1899-12-30"]
[Round "6.15"]
[White "Bugaj, Hanna"]
[Black "Franek, Diana"]
[Result "0-1"]
[WhiteTitle "I+"]
[BlackTitle "I"]
[WhiteElo "1556"]
[BlackElo "1362"]

1. d4 b6 2. Nf3 Bb7 3. g3 g6 4. Bg2 Bg7 5. O-O Nf6 6. c4 O-O 7. Nc3 d6 8. Re1 Nbd7
9. e4 e5 10. d5 a5 11. Qc2 Nc5 12. Bh3 Nh5 13. b3 Bf6 14. a3 Be7 15. Bd2 Ng7 16.
b4 axb4 17. axb4 Na6 18. Ne2 f5 19. Rf1 Nb8 20. Rxa8 Bxa8 21. Ra1 Nd7 22. Nc3
c6 23. dxc6 Bxc6 24. Nd5 Bxd5 25. cxd5 fxe4 26. Qxe4 Nf5 27. Kg2 Nf6 28. Qc4 Ne8
29. Ra7 Rf7 30. Qc6 Bf8 31. Ra8 Qf6 32. Bf4 exf4 33. Rxe8 fxg3 34. Re2 gxf2 35.
Qc4 Nh4+ 36. Kf1 Qa1+ 37. Kxf2 Rxf3# 0-1

[Event "Mistrzostwa Polski Juniorow do lat 16 - Dziewczeta"]
[Site "Szklarska Poreba"]
[Date "1899-12-30"]
[Round "6.16"]
[White "Cieslak, Jessica"]
[Black "Kaznowska, Weronika"]
[Result "0-1"]
[WhiteTitle "I"]
[BlackTitle "I+"]
[WhiteElo "1330"]
[BlackElo "1502"]

1. d4 Nf6 2. c4 b6 3. Nc3 Bb7 4. Bg5 e6 5. e3 Be7 6. Nf3 Ne4 7. Bxe7 Qxe7 8. Bd3
Nxc3 9. bxc3 f5 10. a4 O-O 11. O-O d6 12. Be2 Nd7 13. Qb3 a5 14. Rfd1 g5 15. Ne1
Rf6 16. Bf3 Bxf3 17. Nxf3 Rg6 18. Nd2 g4 19. f3 Qg5 20. f4 Qh5 21. Nf1 Rh6 22.
Ra2 Nf6 23. Rc1 Ne4 24. Qb5 Re8 25. Qd7 Qf7 26. Qxf7+ Kxf7 27. Nd2 Nf6 28. Re1
e5 29. Raa1 exf4 30. exf4 Rxe1+ 31. Rxe1 Nd7 32. g3 Re6 33. Rxe6 Kxe6 34. Kf2
Nf6 35. Ke3 d5 36. Kd3 c6 37. cxd5+ cxd5 38. Ke3 Ne8 39. Nb3 Nd6 40. Nd2 Kd7 41.
Kd3 Kc6 42. Kc2 b5 43. axb5+ Kxb5 44. Kb3 a4+ 45. Kc2 Nc4 46. Nf1 h6 47. Kb1 a3
48. Ka2 Ka4 49. h3 gxh3 50. g4 fxg4 51. Ng3 Nd6 52. f5 h2 0-1

[Event "Mistrzostwa Polski Juniorow do lat 16 - Dziewczeta"]
[Site "Szklarska Poreba"]
[Date "1899-12-30"]
[Round "6.17"]
[White "Wojtas, Julia"]
[Black "Czerwinska, Oliwia"]
[Result "1/2-1/2"]
[WhiteTitle "I"]
[BlackTitle "I"]
[WhiteElo "1448"]
[BlackElo "1355"]

1. e4 e5 2. Nf3 Nc6 3. Bb5 a6 4. Ba4 Nf6 5. d3 b5 6. Bb3 Bc5 7. c3 O-O 8. Nbd2
d6 9. O-O Ne7 10. Re1 Ng6 11. Nf1 h6 12. h3 Re8 13. a3 Be6 14. Bc2 Bb6 15. d4
c5 16. d5 Bd7 17. g4 Nh7 18. Ng3 Ng5 19. Nxg5 hxg5 20. Nf5 Bc7 21. Qf3 Qf6 22.
Nh6+ Kf8 23. Nf5 Kg8 24. Kh2 Bxf5 25. gxf5 Nf4 26. Rg1 Qh6 27. Rg4 Bd8 28. Bd2
f6 29. Rh1 Kf7 30. Bxf4 gxf4 31. Rhg1 Rh8 32. Rg6 Qh7 33. Bd1 Ra7 34. R1g2 Kf8
1/2-1/2

[Event "Mistrzostwa Polski Juniorow do lat 16 - Dziewczeta"]
[Site "Szklarska Poreba"]
[Date "1899-12-30"]
[Round "6.18"]
[White "Pacho, Maria"]
[Black "Grzyb, Anna"]
[Result "1/2-1/2"]
[WhiteTitle "II"]
[BlackTitle "I"]
[WhiteElo "1229"]
[BlackElo "1404"]

1. c4 e5 2. Nc3 Nf6 3. g3 d5 4. cxd5 Nxd5 5. Bg2 Nb6 6. Nf3 Nc6 7. d3 Be7 8. O-O
O-O 9. Bd2 Be6 10. a3 Qd7 11. Re1 Rfd8 12. b4 a6 13. Rb1 f6 14. Ne4 Rab8 15. Qc2
Rdc8 16. Be3 Nd4 17. Bxd4 exd4 18. Nc5 Bxc5 19. Qxc5 Rd8 20. Rbc1 Na8 21. Nd2
b6 22. Qc6 Bd5 23. Bxd5+ Qxd5 24. Qxd5+ Rxd5 25. Rc6 a5 26. Nf3 Rbd8 27. Rec1
axb4 28. axb4 Kf7 29. h4 Ke7 30. Kg2 R8d6 31. g4 Rxc6 32. Rxc6 Kd7 33. Rc4 c5
34. bxc5 bxc5 35. Nd2 Nb6 36. Rc2 Kc6 37. Kf3 h5 1/2-1/2

[Event "Mistrzostwa Polski Juniorow do lat 16 - Dziewczeta"]
[Site "Szklarska Poreba"]
[Date "1899-12-30"]
[Round "6.19"]
[White "Trzaskowska, Hanna"]
[Black "Zajac, Aleksandra"]
[Result "1/2-1/2"]
[WhiteTitle "I"]
[BlackTitle "II"]
[WhiteElo "1604"]
[BlackElo "1180"]

1. e4 c6 2. d4 d5 3. Nc3 g6 4. Nf3 Bg7 5. h3 Nh6 6. Bf4 f6 7. Bd3 Nf7 8. Qe2 O-O
9. e5 Re8 10. O-O f5 11. a4 e6 12. Qe3 Nd7 13. Ng5 Nxg5 14. Bxg5 Qc7 15. f4 b6
16. Ne2 Bf8 17. c3 c5 18. Kh2 c4 19. Bc2 Be7 20. Qg3 Bxg5 21. Qxg5 Nf8 22. g4
Qe7 23. gxf5 Qxg5 24. fxg5 exf5 25. Nf4 Rd8 26. Kg3 Ne6 27. h4 Nxf4 28. Kxf4 Be6
29. Rh1 Kg7 30. h5 Rh8 31. Rh2 a6 32. Rah1 Rab8 33. b3 b5 34. hxg6 hxg6 35. Rxh8
Rxh8 36. Rxh8 Kxh8 37. axb5 axb5 38. bxc4 bxc4 39. Ba4 Kg8 40. Be8 Kg7 41. Ke3
Kh7 42. Ke2 Kg7 43. Ke3 Kh7 1/2-1/2

[Event "Mistrzostwa Polski Juniorow do lat 16 - Dziewczeta"]
[Site "Szklarska Poreba"]
[Date "1899-12-30"]
[Round "6.20"]
[White "Retz, Agnieszka"]
[Black "Pawlak, Emilia"]
[Result "1-0"]
[WhiteTitle "II+"]
[BlackTitle "I"]
[WhiteElo "1240"]
[BlackElo "1514"]

1. e4 c5 2. Nf3 d6 3. d4 cxd4 4. Qxd4 a6 5. Be3 Nc6 6. Qd2 Nf6 7. Nc3 g6 8. Bc4
Bg7 9. h3 b5 10. Bd3 Bb7 11. O-O O-O 12. Rac1 Rc8 13. Nd5 Nd7 14. c4 bxc4 15.
Rxc4 e6 16. Nb4 Nb6 17. Rc2 d5 18. exd5 Nxd5 19. Nxc6 Rxc6 20. Rxc6 Bxc6 21. Bh6
a5 22. Bxg7 Kxg7 23. a3 Re8 24. Ne5 Ba8 25. Bb5 Rf8 26. b4 axb4 27. axb4 Qh4 28.
Ng4 h5 29. Qh6+ Kg8 30. Bd3 Ne7 31. g3 Nf5 32. Bxf5 Qe7 33. Bxg6 f5 34. Bxf5 Rxf5
35. Qg6+ Kf8 36. Ne3 Rf6 37. Qxh5 Qb7 38. Qh8+ Ke7 39. Qg7+ Rf7 40. Qg5+ Kd7 41.
Rd1+ Kc7 42. Qc5+ 1-0

[Event "Mistrzostwa Polski Juniorow do lat 16 - Dziewczeta"]
[Site "Szklarska Poreba"]
[Date "1899-12-30"]
[Round "6.21"]
[White "Bienko, Jagoda"]
[Black "Rozumek, Paulina"]
[Result "1-0"]
[WhiteTitle "I"]
[BlackTitle "II+"]
[WhiteElo "1356"]
[BlackElo "1091"]

1. d4 d5 2. c4 c6 3. Nf3 Nf6 4. Qc2 e6 5. g3 Nbd7 6. Bg2 Be7 7. O-O O-O 8. Nbd2
Qc7 9. e4 dxc4 10. Nxc4 b5 11. Bf4 Qb7 12. Nd6 Bxd6 13. Bxd6 Re8 14. e5 Nd5 15.
Rac1 Qa6 16. Ng5 g6 17. Qxc6 Qxc6 18. Rxc6 Bb7 19. Rc2 Rac8 20. Rfc1 Rxc2 21.
Rxc2 N7b6 22. Ne4 a5 23. Nf6+ Nxf6 24. Bxb7 Nfd5 25. Rc5 Rd8 26. Rxb5 Nc4 27.
b3 Nxd6 28. exd6 Rxd6 29. Bxd5 Rxd5 30. Rxd5 exd5 31. Kf1 Kf8 32. Ke2 Ke7 33.
Kd3 Kd6 34. a4 f5 35. f4 Kc6 36. Kc3 h6 37. b4 axb4+ 38. Kxb4 Kb6 39. a5+ Kc6
40. Ka4 g5 41. h4 gxf4 42. gxf4 h5 43. Kb4 Kb7 44. Kc5 Ka6 45. Kxd5 Kb5 46. Kd6
Kxa5 47. Kc5 Ka6 48. Kc6 Ka7 49. Kc7 Ka6 50. d5 Kb5 51. d6 1-0

[Event "Mistrzostwa Polski Juniorow do lat 16 - Dziewczeta"]
[Site "Szklarska Poreba"]
[Date "1899-12-30"]
[Round "6.22"]
[White "Pieczewska, Gabriela"]
[Black "Buchta, Alicja"]
[Result "1/2-1/2"]
[WhiteTitle "I"]
[BlackTitle "II"]
[WhiteElo "1172"]
[BlackElo "1162"]

1. c4 e5 2. Nc3 Nf6 3. g3 d5 4. cxd5 Nxd5 5. Bg2 Nb6 6. d3 Be7 7. Nf3 Nc6 8. O-O
O-O 9. a3 a5 10. Qc2 Re8 11. Rd1 Bf6 12. Be3 Nd4 13. Bxd4 exd4 14. Ne4 c6 15.
Re1 Be5 16. Qc5 Nd7 17. Qc4 Nb6 18. Qc5 Nd7 19. Qc4 Nb6 20. Qc5 Nd7 21. Qc4 Nb6
22. Qc5 Nd7 1/2-1/2

[Event "Mistrzostwa Polski Juniorow do lat 16 - Dziewczeta"]
[Site "Szklarska Poreba"]
[Date "1899-12-30"]
[Round "7.1"]
[White "Dylag, Emilia"]
[Black "Sloniewska, Alicja"]
[Result "1-0"]
[WhiteTitle "k+"]
[BlackTitle "I++"]
[WhiteElo "2083"]
[BlackElo "1723"]

1. d4 d5 2. c4 e6 3. Nc3 Nf6 4. cxd5 exd5 5. Bg5 Be7 6. e3 c6 7. Bd3 Nbd7 8. Qc2
O-O 9. Nf3 Re8 10. O-O Nf8 11. Rae1 Bd6 12. e4 dxe4 13. Nxe4 Be7 14. Bxf6 gxf6
15. h3 Ng6 16. Ng3 Be6 17. Rxe6 Bf8 18. Rxe8 Qxe8 19. Re1 Qd7 20. Nh5 Qd6 21.
Bxg6 hxg6 22. Ng3 Kg7 23. Qe4 Qd7 24. h4 Bd6 25. h5 Bxg3 26. fxg3 gxh5 27. Nh4
Rd8 28. Nf5+ Kg6 29. g4 Rh8 30. gxh5+ Rxh5 31. Qg4+ 1-0

[Event "Mistrzostwa Polski Juniorow do lat 16 - Dziewczeta"]
[Site "Szklarska Poreba"]
[Date "1899-12-30"]
[Round "7.2"]
[White "Wikar, Martyna"]
[Black "Goraj, Barbara"]
[Result "1/2-1/2"]
[WhiteTitle "k+"]
[BlackTitle "WCM"]
[WhiteElo "2061"]
[BlackElo "2115"]

1. e4 c6 2. d4 d5 3. Nc3 dxe4 4. Nxe4 Bf5 5. Ng3 Bg6 6. h4 h6 7. h5 Bh7 8. Nf3
Nd7 9. Bd3 Bxd3 10. Qxd3 e6 11. Bf4 Qa5+ 12. Bd2 Qc7 13. O-O-O Ngf6 14. Rh4 Bd6
15. Ne4 Nxe4 16. Qxe4 Nf6 17. Qe2 O-O-O 18. Ne5 Qe7 19. Rh3 Bxe5 20. dxe5 Nd5
21. Rg3 Rhg8 22. Qc4 Nb6 23. Qb4 Qc7 24. Qe4 Nd5 25. c4 Ne7 26. Bc3 c5 27. Rgd3
Rxd3 28. Qxd3 Rd8 29. Qxd8+ Qxd8 30. Rxd8+ Kxd8 31. g4 g6 32. Kc2 gxh5 33. gxh5
Nf5 34. Kd3 Ke7 35. b4 cxb4 36. Bxb4+ Kd7 37. Bf8 Ke8 38. Bb4 a6 39. Ke4 Kd7 40.
Bf8 Ke8 41. Bb4 1/2-1/2

[Event "Mistrzostwa Polski Juniorow do lat 16 - Dziewczeta"]
[Site "Szklarska Poreba"]
[Date "1899-12-30"]
[Round "7.3"]
[White "Mirowska, Oliwia"]
[Black "Wawrzyniak, Weronika"]
[Result "1-0"]
[WhiteTitle "k"]
[BlackTitle "I+"]
[WhiteElo "1840"]
[BlackElo "1648"]

1. e4 c5 2. Nc3 Nc6 3. Nge2 g6 4. d4 cxd4 5. Nxd4 Bg7 6. Be3 a6 7. Qd2 e6 8. Bc4
Nge7 9. f4 d5 10. exd5 exd5 11. Be2 O-O 12. O-O-O Be6 13. g4 Nxd4 14. Bxd4 Bxd4
15. Qxd4 Nc6 16. Qf2 d4 17. Ne4 Bd5 18. Bf3 f5 19. gxf5 Rxf5 20. Ng5 Bxf3 21.
Qxf3 Qxg5 22. Qb3+ 1-0

[Event "Mistrzostwa Polski Juniorow do lat 16 - Dziewczeta"]
[Site "Szklarska Poreba"]
[Date "1899-12-30"]
[Round "7.4"]
[White "Czarnecka, Lidia"]
[Black "Kroliczek, Gabriela"]
[Result "1/2-1/2"]
[WhiteTitle "I++"]
[BlackTitle "k"]
[WhiteElo "1874"]
[BlackElo "1994"]

1. e4 c5 2. Nf3 Nc6 3. d4 cxd4 4. Nxd4 Nf6 5. Nc3 e5 6. Ndb5 d6 7. Bg5 a6 8. Na3
b5 9. Nd5 Be7 10. Bxf6 Bxf6 11. c4 b4 12. Nc2 O-O 13. g3 Bg5 14. Bg2 Qa5 15. O-O
Qc5 16. b3 a5 17. Qe2 Kh8 18. Nde3 Ra7 19. Rad1 Ne7 20. h4 Bh6 21. Ng4 Bxg4 22.
Qxg4 g6 23. Rd3 f5 24. Qd1 Rd7 25. Rf3 Rdd8 26. Qe2 Ng8 27. Rd3 Nf6 28. Ne1 a4
29. Rd1 axb3 30. axb3 fxe4 31. Bxe4 Bg7 32. Nd3 Qb6 33. Bg2 Rfe8 34. Qd2 Rb8 35.
Nb2 Red8 36. Na4 Qc7 37. Qe2 Nd7 38. Rd5 Nc5 39. Nxc5 dxc5 40. Rfd1 Rxd5 41. Rxd5
Rd8 42. Qg4 Rxd5 43. Bxd5 Qe7 44. Qc8+ Bf8 45. Kg2 Kg7 1/2-1/2

[Event "Mistrzostwa Polski Juniorow do lat 16 - Dziewczeta"]
[Site "Szklarska Poreba"]
[Date "1899-12-30"]
[Round "7.5"]
[White "Adamczyk, Zuzanna"]
[Black "Hertlein, Irena"]
[Result "1-0"]
[WhiteTitle "k"]
[BlackTitle "k"]
[WhiteElo "1979"]
[BlackElo "1910"]

1. e4 c5 2. Nf3 d6 3. d4 cxd4 4. Nxd4 Nf6 5. Nc3 a6 6. Be2 e5 7. Nb3 Be7 8. O-O
O-O 9. a4 Be6 10. Bf3 Nbd7 11. a5 Rc8 12. Re1 Qc7 13. Be3 Nc5 14. Nd2 Ne8 15.
Nf1 Qb8 16. Bc1 Nc7 17. Ne3 Nd7 18. b3 Nf6 19. Ba3 Nb5 20. Nxb5 axb5 21. Qd3 Bd7
22. Rad1 b6 23. a6 Ne8 24. Nf5 Bxf5 25. exf5 Nc7 26. Bb7 Rcd8 27. f6 Bxf6 28.
Bxd6 Be7 29. Bxc7 Qxc7 30. Qxb5 Rxd1 31. Rxd1 Qxc2 32. Rf1 Qc7 33. Qc6 Qb8 34.
Qxb6 Bd8 35. Qc5 Bc7 36. Rc1 Bd8 37. b4 Bg5 38. Qxf8+ Kxf8 39. Rc8+ 1-0

[Event "Mistrzostwa Polski Juniorow do lat 16 - Dziewczeta"]
[Site "Szklarska Poreba"]
[Date "1899-12-30"]
[Round "7.6"]
[White "Zarebska, Lena"]
[Black "Nowak, Roksana"]
[Result "1-0"]
[WhiteTitle "I++"]
[BlackTitle "I"]
[WhiteElo "1845"]
[BlackElo "1412"]

1. e4 e5 2. Nf3 Nc6 3. Bb5 a6 4. Ba4 Nf6 5. O-O b5 6. Bb3 Be7 7. Re1 d6 8. c3 Na5
9. Bc2 d5 10. d4 dxe4 11. Nxe5 c5 12. Nd2 cxd4 13. Nxe4 O-O 14. cxd4 Nd5 15. Nc3
Bb7 16. Nxd5 Bxd5 17. Qh5 g6 18. Nxg6 fxg6 19. Bxg6 hxg6 20. Qxg6+ Kh8 21. Re5
Bg5 22. Bxg5 Qd7 23. Bf6+ 1-0

[Event "Mistrzostwa Polski Juniorow do lat 16 - Dziewczeta"]
[Site "Szklarska Poreba"]
[Date "1899-12-30"]
[Round "7.7"]
[White "Libura, Julianna"]
[Black "Krzyzosiak, Anna"]
[Result "1/2-1/2"]
[WhiteTitle "I+"]
[BlackTitle "I++"]
[WhiteElo "1558"]
[BlackElo "1629"]

1. e4 c5 2. Nf3 d6 3. d4 cxd4 4. Nxd4 Nf6 5. Nc3 a6 6. Bg5 e6 7. f4 Nc6 8. Nb3
h6 9. Bh4 Be7 10. Be2 O-O 11. Bf2 b5 12. Bf3 Bb7 13. O-O Rc8 14. a3 Qc7 15. Qe2
Rfe8 16. Rfd1 d5 17. exd5 exd5 18. Qf1 Qxf4 19. Nxd5 Nxd5 20. Bxd5 Rcd8 21. Bb6
Qxf1+ 22. Kxf1 Rd6 23. Bf3 Rf6 24. Bf2 Bc8 25. Bxc6 Rxc6 26. Nd4 Rf6 27. Kg1 Bc5
28. Rd2 Bb7 29. c3 Rg6 30. g3 Rf6 31. Rad1 Re4 32. Rc1 Bd5 33. Re1 Rxe1+ 34. Bxe1
Bc4 35. Bf2 h5 36. Rd1 g6 37. Rd2 Kh7 38. Rd1 Kg8 39. Rd2 Bb6 40. Rd1 Bc5 41.
Re1 Be6 42. Kg2 Bd5+ 43. Kg1 Be6 44. Kg2 Bd5+ 45. Kg1 1/2-1/2

[Event "Mistrzostwa Polski Juniorow do lat 16 - Dziewczeta"]
[Site "Szklarska Poreba"]
[Date "1899-12-30"]
[Round "7.8"]
[White "Slusarczyk, Milena"]
[Black "Pisarek, Elzbieta"]
[Result "1/2-1/2"]
[WhiteTitle "I+"]
[BlackTitle "I"]
[WhiteElo "1537"]
[BlackElo "1624"]

1. d4 d5 2. c4 e6 3. Nc3 Nf6 4. cxd5 exd5 5. Bg5 Bb4 6. e3 h6 7. Bh4 g5 8. Bg3
Ne4 9. Qc2 h5 10. f3 Nxg3 11. hxg3 Bd6 12. Qf2 Be6 13. Bd3 c6 14. Nge2 Nd7 15.
O-O-O Qe7 16. Kb1 O-O-O 17. e4 dxe4 18. fxe4 Nb6 19. Bc2 f6 20. Rhe1 Qf8 21. Na4
Nxa4 22. Bxa4 Bb4 23. Rf1 Bc4 24. Bc2 Qe7 25. b3 Bxe2 26. Qxe2 h4 27. gxh4 Rxh4
28. Qf3 Rf4 29. Qe3 Rxf1 30. Rxf1 Bd6 31. Qf2 Rf8 32. Qf5+ Kc7 33. e5 fxe5 34.
Qxf8 Qxf8 35. Rxf8 Bxf8 36. dxe5 Bg7 37. e6 Kd6 38. Bf5 Bf6 39. Kc2 Ke5 40. g4
Kd4 41. a4 a5 42. Bd3 Ke5 43. Bf5 b5 44. axb5 cxb5 45. Bd3 1/2-1/2

[Event "Mistrzostwa Polski Juniorow do lat 16 - Dziewczeta"]
[Site "Szklarska Poreba"]
[Date "1899-12-30"]
[Round "7.9"]
[White "Kieca, Aleksandra"]
[Black "Lochina, Justyna"]
[Result "0-1"]
[WhiteTitle "I+"]
[BlackTitle "I"]
[WhiteElo "1614"]
[BlackElo "1467"]

1. e4 c5 2. Nf3 e6 3. d4 cxd4 4. Nxd4 Nf6 5. Nc3 d6 6. f4 a6 7. Qf3 Qc7 8. Be3
Bd7 9. Rg1 Nc6 10. O-O-O b5 11. g4 Rc8 12. Bd3 Qa5 13. Nb3 Qc7 14. g5 Ng8 15.
Kb1 Na5 16. f5 Ne7 17. Rdf1 Nec6 18. fxe6 Bxe6 19. Nd5 Bxd5 20. exd5 Ne5 21. Qe4
g6 22. Bd4 Bg7 23. Rg3 O-O 24. Nxa5 Qxa5 25. Rh3 Nc4 26. Rd1 Nd2+ 27. Rxd2 Qxd2
28. a3 Bxd4 29. Qxd4 Qxg5 30. Rg3 Qe5 31. Qxe5 dxe5 32. Re3 Rfe8 33. b3 f5 34.
c4 e4 35. Bf1 f4 36. Re1 bxc4 37. Bxc4 Kg7 38. Kc2 Kf6 39. Kd2 Ke5 40. Rg1 Kd4
41. a4 Rxc4 42. bxc4 Kxc4 43. Rf1 g5 44. Rg1 Kxd5 45. Rxg5+ Re5 46. Rg7 Rh5 47.
Rg2 Kd4 48. Ke1 e3 49. Rb2 Ke4 50. Rb4+ Kf3 51. Rb2 Rg5 52. Kf1 e2+ 53. Rxe2 Rg1+
54. Kxg1 Kxe2 0-1

[Event "Mistrzostwa Polski Juniorow do lat 16 - Dziewczeta"]
[Site "Szklarska Poreba"]
[Date "1899-12-30"]
[Round "7.10"]
[White "Matyjasek, Michalina"]
[Black "Lukasik, Zuzanna"]
[Result "1/2-1/2"]
[WhiteTitle "I"]
[BlackTitle "I++"]
[WhiteElo "1393"]
[BlackElo "1563"]

1. d4 d5 2. c4 e6 3. Nc3 Nf6 4. Nf3 Be7 5. Bf4 O-O 6. e3 c6 7. Qc2 Nbd7 8. cxd5
Nxd5 9. Nxd5 exd5 10. Bd3 Qa5+ 11. Nd2 h6 12. O-O Nf6 13. a3 Be6 14. h3 Rfc8 15.
b4 Qd8 16. Nf3 a5 17. Qb2 b5 18. Ne5 Nd7 19. Rfc1 Nxe5 20. Bxe5 Qb6 21. Qd2 Ra7
22. Bc2 Rca8 23. Qc3 Qb7 24. Rab1 axb4 25. axb4 Ra3 26. Rb3 Rxb3 27. Qxb3 g6 28.
Qc3 Ra6 29. Bf4 Bf8 30. e4 Qe7 31. Bd2 Bg7 32. e5 Qd7 33. Qf3 Qa7 34. Qc3 Qd7
35. Qf3 1/2-1/2

[Event "Mistrzostwa Polski Juniorow do lat 16 - Dziewczeta"]
[Site "Szklarska Poreba"]
[Date "1899-12-30"]
[Round "7.11"]
[White "Kaznowska, Weronika"]
[Black "Marcinczyk, Monika"]
[Result "1-0"]
[WhiteTitle "I+"]
[BlackTitle "WCM"]
[WhiteElo "1502"]
[BlackElo "2009"]

1. d4 d5 2. c4 e6 3. Nc3 a6 4. cxd5 exd5 5. Bf4 Nf6 6. e3 Bd6 7. Bg5 Be6 8. Bd3
Nbd7 9. Qc2 c6 10. Nge2 Qc7 11. h3 h6 12. Bh4 O-O 13. O-O-O b5 14. f4 b4 15. Na4
Ne4 16. b3 f5 17. Bxe4 dxe4 18. Rhg1 Nb6 19. Nxb6 Qxb6 20. g4 Rac8 21. Kb1 c5
22. gxf5 Bxf5 23. Qb2 c4 24. bxc4 Rxc4 25. d5 Qc7 26. Rg3 Kh7 27. Rdg1 Rf7 28.
Nd4 Rc3 29. Nxf5 Rxf5 30. Rxg7+ Qxg7 31. Rxg7+ Kxg7 32. Be1 Rxd5 33. Bxc3+ bxc3
34. Qb7+ 1-0

[Event "Mistrzostwa Polski Juniorow do lat 16 - Dziewczeta"]
[Site "Szklarska Poreba"]
[Date "1899-12-30"]
[Round "7.12"]
[White "Zniszczol, Wiktoria"]
[Black "Czernikowska, Laura"]
[Result "0-1"]
[WhiteTitle "I+"]
[BlackTitle "WCM"]
[WhiteElo "1627"]
[BlackElo "1427"]

1. e4 c5 2. Nc3 e6 3. f4 d5 4. exd5 exd5 5. Bb5+ Nc6 6. Nf3 Nf6 7. O-O Be7 8. Bxc6+
bxc6 9. b3 O-O 10. d3 Qc7 11. Qe1 Bd6 12. Qh4 Re8 13. Bd2 Bd7 14. Ng5 Be7 15.
Rae1 h6 16. Rf3 Qd8 17. f5 Nh7 18. f6 Bxf6 19. Qh5 Rxe1+ 20. Bxe1 Nxg5 21. Rf1
Qe7 22. h4 Ne6 23. Ne2 Nd4 24. Nxd4 Bxd4+ 25. Kh1 g6 26. Qf3 Re8 27. Bg3 Kg7 28.
h5 Qf6 29. Qd1 Qg5 30. hxg6 Qxg3 0-1

[Event "Mistrzostwa Polski Juniorow do lat 16 - Dziewczeta"]
[Site "Szklarska Poreba"]
[Date "1899-12-30"]
[Round "7.13"]
[White "Krzyzosiak, Marta"]
[Black "Jedrzejko, Martyna"]
[Result "1-0"]
[WhiteTitle "I++"]
[BlackTitle "I"]
[WhiteElo "1608"]
[BlackElo "1597"]

1. e4 e6 2. d4 d5 3. Nd2 Be7 4. Bd3 c5 5. dxc5 Nf6 6. exd5 Qxd5 7. Ngf3 Qxc5 8.
O-O Bd7 9. Nb3 Qc7 10. Nbd4 a6 11. Re1 Nc6 12. c3 O-O 13. h3 Rfd8 14. Bg5 h6 15.
Bh4 Nd5 16. Bxe7 Ndxe7 17. Qe2 Nd5 18. Qe4 Nf6 19. Qh4 Rac8 20. Rad1 Qa5 21. g4
Nxd4 22. Nxd4 Qxa2 23. g5 hxg5 24. Qxg5 Qxb2 25. Re3 Qa3 26. Rg3 Ne8 27. Qh5 Kf8
28. Qh8+ Ke7 29. Re1 Nd6 30. Qh4+ Kf8 31. Qh7 Qxc3 32. Qxg7+ Ke7 33. Qg5+ Kf8
34. Qh6+ Ke7 35. Qh4+ Kf8 36. Re5 Qc1+ 37. Kh2 Bc6 38. Nxc6 Qxc6 39. Qf6 Ne8 40.
Qh4 Qb6 41. Rge3 Qd4 42. Qg5 Qd6 43. Kg2 Rc7 44. Qh6+ Ke7 45. Rxe6+ fxe6 46. Qh7+
Kf6 47. Rf3+ 1-0

[Event "Mistrzostwa Polski Juniorow do lat 16 - Dziewczeta"]
[Site "Szklarska Poreba"]
[Date "1899-12-30"]
[Round "7.14"]
[White "Franek, Diana"]
[Black "Siekanska, Zuzanna"]
[Result "0-1"]
[WhiteTitle "I"]
[BlackTitle "I++"]
[WhiteElo "1362"]
[BlackElo "1696"]

1. g3 d5 2. Bg2 c5 3. b3 e5 4. Bb2 Nc6 5. e3 Nf6 6. Ne2 Be6 7. O-O Qd7 8. d4 cxd4
9. exd4 e4 10. Nf4 Bf5 11. f3 Be7 12. fxe4 Bg4 13. Qe1 dxe4 14. c3 O-O 15. Nd2
Rfe8 16. h3 Bf5 17. g4 Bg6 18. Nxg6 hxg6 19. Nxe4 Nxe4 20. Bxe4 Bg5 21. Qb1 Be3+
22. Kg2 f5 23. gxf5 Qd8 24. Bf3 Qg5+ 25. Bg4 Bf4 26. Rf2 Re3 27. Bc1 Rae8 28.
Bxe3 Rxe3 29. Rf3 Re2+ 30. Rf2 Re3 31. Qc2 Rg3+ 32. Kf1 Be3 0-1

[Event "Mistrzostwa Polski Juniorow do lat 16 - Dziewczeta"]
[Site "Szklarska Poreba"]
[Date "1899-12-30"]
[Round "7.15"]
[White "Kudlak, Julia"]
[Black "Bienko, Jagoda"]
[Result "0-1"]
[WhiteTitle "I"]
[BlackTitle "I"]
[WhiteElo "1612"]
[BlackElo "1356"]

1. e4 c5 2. Nf3 Nc6 3. d4 cxd4 4. Nxd4 e6 5. Nc3 a6 6. Be2 Qc7 7. O-O Nf6 8. Kh1
Nxd4 9. Qxd4 Bc5 10. Qd3 b5 11. f4 Bb7 12. e5 Nd5 13. Bf3 Nxc3 14. Qxc3 Rc8 15.
Qd3 O-O 16. c3 f6 17. exf6 Rxf6 18. Be3 d5 19. Bg4 Rh6 20. h3 Rf8 21. Bd2 Rhf6
22. f5 e5 23. Qg3 h6 24. Rae1 Bd6 25. Qh4 e4 26. Rd1 Bg3 27. Qh5 Bc6 28. Bg5 hxg5
29. Qxg5 Qe5 30. b3 Rh6 31. Qe3 Bh4 32. c4 dxc4 33. bxc4 Qg3 34. Qe2 Bg5 35. a3
Bf4 0-1

[Event "Mistrzostwa Polski Juniorow do lat 16 - Dziewczeta"]
[Site "Szklarska Poreba"]
[Date "1899-12-30"]
[Round "7.16"]
[White "Retz, Agnieszka"]
[Black "Wojtas, Julia"]
[Result "1/2-1/2"]
[WhiteTitle "II+"]
[BlackTitle "I"]
[WhiteElo "1240"]
[BlackElo "1448"]

1. e4 c5 2. Nf3 d6 3. d4 cxd4 4. Nxd4 Nf6 5. Nc3 a6 6. Bg5 Nbd7 7. f4 Qc7 8. Qf3
b5 9. a3 Bb7 10. Bd3 e6 11. O-O-O Be7 12. Qh3 Nc5 13. Rhe1 O-O 14. Rd2 Qa5 15.
e5 Nxd3+ 16. Qxd3 dxe5 17. Rxe5 h6 18. Nb3 Qb6 19. Bxf6 Bxf6 20. Re1 Rad8 21.
Qe2 Rxd2 22. Nxd2 Qd6 23. Nce4 Bxe4 24. Qxe4 Bxb2+ 25. Kxb2 Qxd2 26. Re2 Qd6 27.
g3 Rb8 28. Qb4 Qb6 29. Rd2 a5 30. Qd6 b4 31. Qxb6 Rxb6 32. axb4 axb4 33. Kb3 Kf8
34. Re2 Kg8 35. Rd2 1/2-1/2

[Event "Mistrzostwa Polski Juniorow do lat 16 - Dziewczeta"]
[Site "Szklarska Poreba"]
[Date "1899-12-30"]
[Round "7.17"]
[White "Czerwinska, Oliwia"]
[Black "Pacho, Maria"]
[Result "1/2-1/2"]
[WhiteTitle "I"]
[BlackTitle "II"]
[WhiteElo "1355"]
[BlackElo "1229"]

1. e4 d6 2. d4 Nf6 3. Nc3 g6 4. Nf3 Bg7 5. Be3 O-O 6. Be2 Nbd7 7. O-O c6 8. Qd2
Re8 9. Bh6 Bh8 10. Rad1 Qc7 11. h3 a6 12. a3 b5 13. b4 a5 14. Bd3 Bb7 15. Ra1
axb4 16. axb4 Qb6 17. Be3 Qc7 18. Qc1 Nb6 19. Nd2 Nfd7 20. Qb2 Na4 21. Nxa4 Rxa4
22. Rxa4 bxa4 23. Qa3 Ra8 24. c3 Nb6 25. Nc4 Nxc4 26. Bxc4 e6 27. Bd3 Qc8 28.
Ra1 e5 29. dxe5 Bxe5 30. Bb6 Qe6 31. Qc1 Qb3 32. Ra3 Qe6 33. Bc2 Qc4 34. Bb1 c5
35. Ba5 1/2-1/2

[Event "Mistrzostwa Polski Juniorow do lat 16 - Dziewczeta"]
[Site "Szklarska Poreba"]
[Date "1899-12-30"]
[Round "7.18"]
[White "Grzyb, Anna"]
[Black "Trzaskowska, Hanna"]
[Result "0-1"]
[WhiteTitle "I"]
[BlackTitle "I"]
[WhiteElo "1404"]
[BlackElo "1604"]

1. e4 e5 2. f4 exf4 3. Nf3 Ne7 4. Bc4 d5 5. exd5 Nxd5 6. O-O Be7 7. Nc3 Nxc3 8.
bxc3 O-O 9. d4 Bd6 10. Ne1 Qh4 11. Qf3 Bg4 12. Qf2 Qxf2+ 13. Rxf2 g5 14. Nf3 Bxf3
15. Rxf3 Nd7 16. h4 h6 17. Bd2 Kg7 18. Bd3 c5 19. d5 Ne5 20. Rff1 c4 21. Bf5 Bc5+
22. Kh1 Rad8 23. Be4 f5 24. Bf3 Nxf3 25. Rxf3 Rxd5 26. Bxf4 gxf4 27. Rxf4 Rfd8
28. Rxc4 Rd1+ 29. Rxd1 Rxd1+ 30. Kh2 Bd6+ 31. g3 Rd2+ 32. Kh3 Rxc2 33. Rd4 Be5
34. Rb4 Rxc3 35. Rxb7+ Kf6 36. Rb3 Rxb3 37. axb3 Ke6 38. g4 fxg4+ 39. Kxg4 Kd5
40. Kh5 Bf4 0-1

[Event "Mistrzostwa Polski Juniorow do lat 16 - Dziewczeta"]
[Site "Szklarska Poreba"]
[Date "1899-12-30"]
[Round "7.19"]
[White "Cieslak, Jessica"]
[Black "Mytnik, Kinga"]
[Result "1/2-1/2"]
[WhiteTitle "I"]
[BlackTitle "I"]
[WhiteElo "1330"]
[BlackElo "1638"]

1. d4 d6 2. Nf3 Nd7 3. c4 e5 4. Nc3 c6 5. Qc2 Ngf6 6. Bg5 Be7 7. e3 Qc7 8. Be2
Nf8 9. Bh4 Ng6 10. Bg3 Bd7 11. h3 O-O 12. O-O Kh8 13. Rfd1 b6 14. b4 Rae8 15.
Rac1 Qc8 16. dxe5 dxe5 17. a3 Bd8 18. Nd2 Bc7 19. Nde4 Nxe4 20. Nxe4 f5 21. Nd6
Bxd6 22. Rxd6 Re6 23. Rcd1 Rxd6 24. Rxd6 Qc7 25. Qd2 Bc8 26. Bh5 f4 27. exf4 Nxf4
28. Bf3 c5 29. b5 Qe7 30. Bc6 Ne2+ 31. Kh2 Nxg3 32. fxg3 Be6 33. Qd3 Bf5 34. Qd1
e4 35. Rd2 e3 36. Qe2 1/2-1/2